| 000 | 00960nam a2200265 i 4500 | ||
|---|---|---|---|
| 001 | 85714 | ||
| 003 | ES-MaACL | ||
| 005 | 20230906175306.0 | ||
| 007 | t| | ||
| 008 | 041130s1969 sp ||||1| spa d | ||
| 080 | _a27(081) Juan XXIII. Papa | ||
| 100 | 0 |
_aJuan _bXIII _cPapa, Santo. _967136 |
|
| 245 | 1 | 0 |
_aMensaje espiritual / _cJuan XXIII ; recopilación sistemática de 914 pasajes de su legado doctrinal por Jesús María Bermejo. |
| 260 |
_aMadrid : _b[La Editorial Católica], _c1969. |
||
| 300 |
_aX, 231, [14] p. ; _c18 cm. |
||
| 490 | 1 |
_aBiblioteca de autores cristianos. Ediciones de bolsillo ; _v12 |
|
| 500 | _aÍndice. | ||
| 655 | 7 |
_2tgfbne _9226879 _aEncíclicas |
|
| 700 | 1 |
_aBermejo, Jesús. _928087 |
|
| 830 | 0 |
_aBiblioteca de autores cristianos. Ediciones de bolsillo ; _v12 _9182549 |
|
| 852 |
_aES-MaACL _jC-53555 _9R.72923 |
||
| 852 |
_aES-MaACL _jE-13479 _dOlim: P-1255 |
||
| 942 | _2udc | ||
| 999 |
_c85714 _d85714 |
||